Ariana Grande - Positions - Statistics

General Stats
  • This quiz has been taken 53 times
  • The average score is 10 of 19
Answer Stats
2020 Positions % Correct
2 34+35
87%
12 positions
85%
1 shut up
82%
14 pov
72%
8 my hair
62%
4 just like magic
54%
11 love language
54%
16 test drive
54%
9 nasty
51%
5 off the table (with The Weeknd)
51%
13 obvious
49%
6 six thirty
49%
10 west side
49%
3 motive (with Doja Cat)
44%
7 safety net (feat. Ty Dolla $ign)
44%
17 34+35 Remix (feat. Doja Cat & Megan Thee Stallion) - Remix
41%
19 main thing
41%
18 worst behavior
38%
15 someone like u - interlude
33%
No matching quizzes found
Score Distribution
Percent of People with Each Score
Percentile by Number Answered
Your Score History
You have not taken this quiz